000 00786cam a2200301 4500
001 632866
003 YEEZEN
005 20260410145109.0
008 191023s2019 ch g 000 fdchi d
020 _a9789573334545
_q(平裝) :
_c新臺幣420元
040 _aTWNTU
_bchi
_eccr
_cTWNTU
041 1 _achi
_hjpn
042 _anbic
066 _c$1
082 _a861.57
086 _a861.57
090 _a861.57
100 1 _a東野圭吾
245 1 0 _a沉默的遊行 /
_c東野圭吾作 ; 王蘊潔譯
250 _a初版
260 _a臺北市
_b皇冠文化
_c2019.08.
300 _a363面
_c21公分
490 0 _a東野圭吾作品集
_v32.
500 _a譯自: 沈黙のパレード
700 1 _a王蘊潔
740 0 _a沈黙のパレード
942 _2ccl
_cBOOK
999 _c7708
_d7708